000 00500nam a2200193Ia 4500
008 240729s9999 xx 000 0 und d
022 _a2039-0408
245 0 _aBiodiversity Journal
260 _aItaly
260 _bEdizioni Danaus, Palermo
650 _a Biology (General)
650 _a Botany
650 _a Ecology | Science
650 _a Zoology | Science
650 _aScience
856 _uhttps://doaj.org/toc/fe25aedd23a04745b034624361289651
942 _2ddc
942 _cDOAJEJ
999 _c68833
_d68833
945 _a1
_bMadushi Gamage
_c1
_dMadushi Gamage